Một số phương pháp phổ ứng dụng trong hoá học
Sparad:
| Huvudupphovsman: | |
|---|---|
| Materialtyp: | Bok |
| Språk: | Undetermined |
| Publicerad: |
H.
Đại học Quốc gia Hà Nội
2007
|
| Ämnen: | |
| Länkar: | http://lrc.tdmu.edu.vn/opac/search/detail.asp?aID=2&ID=3524 |
| Taggar: |
Lägg till en tagg
Inga taggar, Lägg till första taggen!
|
| Thư viện lưu trữ: | Trung tâm Học liệu Trường Đại học Thủ Dầu Một |
|---|
| LEADER | 00641nam a2200193Ia 4500 | ||
|---|---|---|---|
| 001 | TDMU_3524 | ||
| 008 | 210410s9999 xx 000 0 und d | ||
| 082 | |a 541 | ||
| 090 | |b D238 | ||
| 100 | |a Đào, Đình Thức | ||
| 245 | 0 | |a Một số phương pháp phổ ứng dụng trong hoá học | |
| 245 | 0 | |c Đào Đình Thức | |
| 260 | |a H. | ||
| 260 | |b Đại học Quốc gia Hà Nội | ||
| 260 | |c 2007 | ||
| 300 | |a 380tr. | ||
| 650 | |a Quang phổ; Quang hóa | ||
| 856 | |u http://lrc.tdmu.edu.vn/opac/search/detail.asp?aID=2&ID=3524 | ||
| 980 | |a Trung tâm Học liệu Trường Đại học Thủ Dầu Một | ||